000 00694nam a2200241 i 4500
001 C2-0302120
003 PPAK
005 20180728083234.0
008 100111s2003 nyu |||| ||||| | eng d
020 _a0815706235
040 _aPPAK
_beng
_cPPAK
_erda
082 0 4 _a361.7630973
_223
090 0 0 _a361.7630973
_bSTA
_dRLCK
245 0 4 _aThe state of nonprofit america
264 1 _aNew York :
_bBrookrings Institution Press ,
_c2003
300 _axi, 563 pages ;
_c24 cm
336 _2rdacontent
_atext
337 _2rdamedia
_aunmediated
338 _2rdacarrier
_avolume
650 1 0 _aNonprofit Organizations United States
700 1 _aSalamon, Lester M.,
_eeditor
942 _ddc
_cB
999 _c105820
_d105820